Catálogo
 En Linea

Aquí hay agua : (Registro nro. 50122)

Detalles MARC
000 -CABECERA
campo de control de longitud fija 01725nam a22002657a 4500
003 - IDENTIFICADOR DEL NÚMERO DE CONTROL
campo de control DO-SdBNP
005 - FECHA Y HORA DE LA ÚLTIMA TRANSACCIÓN
campo de control 20220510114825.0
007 - CAMPO FIJO DE DESCRIPCIÓN FÍSICA--INFORMACIÓN GENERAL
campo de control de longitud fija ta
008 - DATOS DE LONGITUD FIJA--INFORMACIÓN GENERAL
campo de control de longitud fija 210715b 2018 dr 00| 0 eng d
020 ## - NÚMERO INTERNACIONAL ESTÁNDAR DEL LIBRO
Número Internacional Estándar del Libro 9789945091564
040 ## - FUENTE DE LA CATALOGACIÓN
Centro catalogador/agencia de origen DO-SdBNP
Lengua de catalogación spa
Centro/agencia transcriptor BNPHU
082 #4 - NÚMERO DE LA CLASIFICACIÓN DECIMAL DEWEY
Número de clasificación 265.1
Número de documento/Ítem C957a
Número de edición 22
100 1# - ENTRADA PRINCIPAL--NOMBRE DE PERSONA
Nombre de persona Cruz, José Darío de la
9 (RLIN) 79260
245 10 - MENCIÓN DE TÍTULO
Título Aquí hay agua :
Resto del título ¿Qué impide que yo sea bautizado? /
Mención de responsabilidad, etc. José Darío de la Cruz ; edición Manolo Patrocino ; prólogo Elvis Samuel Medina.
260 ## - PUBLICACIÓN, DISTRIBUCIÓN, ETC.
Lugar de publicación, distribución, etc. Santo Domingo :
Nombre del editor, distribuidor, etc. Búho,
Fecha de publicación, distribución, etc. 2018.
300 ## - DESCRIPCIÓN FÍSICA
Extensión 124 p. ;
Dimensiones 22 cm.
500 ## - NOTA GENERAL
Nota general Incluye datos biográficos del autor en la solapa de la cubierta
504 ## - NOTA DE BIBLIOGRAFÍA, ETC.
Nota de bibliografía, etc. Bibliografía : p. 123-124
505 2# - NOTA DE CONTENIDO CON FORMATO
Nota de contenido con formato Dedicatoria, 11.-- Agradecimientos, 13.-- Prólogo / Elvis Samuel Medina, 15.-- Introducción, 19.--La iglesia bautizando, 23.-- La iglesia, 29.-- Los beneficios del bautismo, 35.-- El bautismo: las experiencias de los apóstoles, 39.-- Las enseñanzas de Pablo sobre el bautismo, 43.-- El bautismo en los escritos de Pedro, 49.-- El bautismo en los escritos de Juan, 53.-- Niveles de conocimiento sobre el bautismo, 57.-- El bautismo en la Era Patrística, 61.-- El bautismo en la Era de la Reforma, 67.-- El bautismo en la Era contemporánea, 71.-- Valores espirituales generados por el bautismo, 81.-- El bautismo en las iglesias de América Latina, 89.-- El bautismo cristiano en las iglesias evangélicas de la República Dominicana, 95.-- Aquí hay agua, 99.-- La pregunta del Eunuco, 109.-- Matrimonio vs. Bautismo, 115.
590 ## - NOTA LOCAL (RLIN)
Nota local Inventariado, 2021 /LP<br/><br/>
650 #4 - PUNTO DE ACCESO ADICIONAL DE MATERIA--TÉRMINO DE MATERIA
Término de materia o nombre geográfico como elemento de entrada Bautismo
9 (RLIN) 34410
700 1# - PUNTO DE ACCESO ADICIONAL--NOMBRE DE PERSONA
Nombre de persona Medina, Elvis Samuel,
Término indicativo de función/relación prólogo
9 (RLIN) 69110
910 ## - DATOS DE OPCIÓN DEL USUARIO (OCLC)
Datos de opción del usuario Validado. Control de calidad MFF
942 ## - ELEMENTOS DE PUNTO DE ACCESO ADICIONAL (KOHA)
Fuente del sistema de clasificación o colocación Dewey Decimal Classification
Tipo de ítem Koha Libro
Existencias
Estado de retiro Estado de pérdida Fuente del sistema de clasificación o colocación Restricciones de uso No para préstamo Código de colección Localización permanente Ubicación/localización actual Ubicación en estantería Fecha de adquisición Fuente de adquisición Signatura topográfica completa Código de barras Fecha visto por última vez Precio válido a partir de Tipo de ítem Koha Número de copia
    Dewey Decimal Classification Préstamo restringido   Patrimonio Dominicano Biblioteca Nacional Pedro Henríquez Ureña Biblioteca Nacional Pedro Henríquez Ureña Depósito 15.07.2021 Depósito Legal BNPHU PD 265.1 C957a 2021-25177 15.07.2021 15.07.2021 Libro  
    Dewey Decimal Classification Préstamo restringido   Patrimonio Dominicano Biblioteca Nacional Pedro Henríquez Ureña Biblioteca Nacional Pedro Henríquez Ureña Depósito 15.07.2021 Depósito Legal BNPHU PD 265.1 C957a 2021-25178 15.07.2021 15.07.2021 Libro e.2
    Dewey Decimal Classification Préstamo en sala   Dominicana de Servicio Biblioteca Nacional Pedro Henríquez Ureña Biblioteca Nacional Pedro Henríquez Ureña Depósito 15.07.2021 Depósito Legal BNPHU DS 265.1 C957a 2021-25179 15.07.2021 15.07.2021 Libro e.3
    Dewey Decimal Classification Préstamo en sala   Dominicana de Servicio Biblioteca Nacional Pedro Henríquez Ureña Biblioteca Nacional Pedro Henríquez Ureña Extraviado 10.05.2022 Donación BNPHU DS 265.1 C957a   10.05.2022 10.05.2022 Libro e.4
    Dewey Decimal Classification Préstamo en sala   Dominicana de Servicio Biblioteca Nacional Pedro Henríquez Ureña Biblioteca Nacional Pedro Henríquez Ureña Extraviado 10.05.2022 Donación BNPHU DS 265.1 C957a   10.05.2022 10.05.2022 Libro e.5

Con tecnología Koha